| 000 | 00546nam a2200193 a 4500 | ||
|---|---|---|---|
| 001 | BRCA_153 | ||
| 005 | 20190320202913.0 | ||
| 008 | 000000s1998 mx-a---###---#000-0#spa-u | ||
| 020 | _a9688252972 | ||
| 050 | 4 |
_aRA984.M4 _b.O78 1998 |
|
| 100 | 1 |
_aOrtiz Quesada, Federico _9586 |
|
| 245 | 1 | 0 |
_aHospitales _cFederico Ortiz Quesada. |
| 260 |
_aMéxico _bISSSTE _c1998 |
||
| 300 |
_a191 p. _bil. _c32 cm. |
||
| 500 | _aIncluye índice de ilustraciones | ||
| 650 | 1 | 4 |
_aHospitales _zMéxico _9587 |
| 653 | 0 | _aHospital de San Juan de Dios | |
| 942 |
_2lcc _cB |
||
| 999 |
_c132 _d132 |
||